00625nam a2200193Ia 4500003000900000008004100009020001800050040001600068080001300084100002600097245010000123260004000223300001500263650002200278650001700300942000700317999001700324952009000341IN-BaIIA211028s9999 xx 000 0 eng d a81-7371-124-0 cIIA Library a523bABH aAbhyankar, K D914443 0aAstrophysics of the solar systemcK. D. Abhyankar  aHyderabadbUniversities Pressc1999 axiv, 255p. aAstrophysics9794 aSolar system cBK c13186d13186 00104070aBANbBANcGENd0000-00-00l0o523/ ABHp14103r2021-11-05w0000-00-00yBK